000 00343nam a2200121Ia 4500
008 220214s9999 xx 000 0 und d
245 0 _aEastern Economist
260 _bEastern Economist Ltd
_aNew Delhi
500 _aEnding Volume & Year: 1982,
500 _aMissing Volume: 1958-1960;1964
500 _aStarting Volume & Year: 1956,
942 _cBJ
999 _c40
_d40